| 000 | 00378nam a2200157Ia 4500 | ||
|---|---|---|---|
| 008 | 210716s1993 xx 000 0 und d | ||
| 020 | _a1562760610 | ||
| 041 | _aeng | ||
| 082 | _a005.43 CRAD | ||
| 100 | _aCrabb, Don. | ||
| 245 | _aRunning unix so it doesnt run you. | ||
| 250 | _a1 | ||
| 260 |
_aCalifornia _bZiff Davis Press _c1993 |
||
| 300 | _axix,268 | ||
| 650 | _aUnix | ||
| 999 |
_c182934 _d182934 |
||